Simple Geography Quiz - Statistics

General Stats
  • This quiz has been taken 94 times
  • The average score is 12 of 15
Answer Stats
Hint Answer % Correct
What continent is Madagascar in? Africa
99%
What is the largest Ocean? The Pacific Ocean
96%
What is the largest country in South America? Brazil
93%
What country is the most populous as of January 1, 2023? India
91%
What is the only country that begins with O? Oman
85%
What is the imaginary line that travels through the center of Earth? The Equator
85%
What country has the longest total coastline? Canada
82%
How many countries are there as of January 1, 2023 196 Countries
81%
How many countries does Russia border? 14 Countries
79%
Name a country completely surrounded by another country? Lesotho, San Marino,Vatican City
79%
What is the only country that borders Qatar? Saudi Arabia
78%
What country name rhymes with peace? Greece
74%
What was Myanmar formerly known as? Burma
73%
What is the newest country as of July 9, 2011? South Sudan
66%
What is the largest desert in the world? The Antarctic Desert
51%
No matching quizzes found
Score Distribution
Percent of People with Each Score
Percentile by Number Answered
Your Score History
You have not taken this quiz